Augusto
Uloženo v:
| Hlavní autor: | |
|---|---|
| Médium: | Kniha |
| Jazyk: | španělština |
| Vydáno: |
Barcelona
Herder
2008
|
| Témata: | |
| Tagy: |
Přidat tag
Žádné tagy, Buďte první, kdo vytvoří štítek k tomuto záznamu!
|
MARC
| LEADER | 00000nam a2200000 a 4500 | ||
|---|---|---|---|
| 001 | UCH1379 | ||
| 003 | CL-VaPUC | ||
| 008 | 090427e20080000SP |||||||||||||||||spa|d | ||
| 020 | |a 9788425425332 | ||
| 082 | 0 | 4 | |a 937.06 |b BRI |2 21 |
| 100 | 0 | |a Bringmann, Klaus |e author |9 535854 | |
| 245 | 1 | 0 | |a Augusto |
| 300 | |a 343 p | ||
| 942 | |c BK | ||
| 945 | |d 20090427 00:00:00 |a rbrito | ||
| 260 | |a Barcelona |b Herder |c 2008 | ||
| 600 | 0 | 7 | |a IMPERIO ROMANO |2 CL-VaPUC |9 320638 |
| 650 | 0 | |a Emperadores romanos |9 314054 | |
| 650 | 0 | |a Biografías |9 255210 | |
| 650 | 0 | |a Historia de Roma |9 315349 | |
| 651 | 0 | |a Roma |9 255106 | |
| 583 | |a last modification |c 20090427 00:00:00 |k Rodrigo Vera | ||
| 999 | |c 333430 |d 333428 | ||
| 952 | |0 0 |1 0 |4 0 |6 937_060000000000000_BRI_2008 |7 0 |8 A |9 421814 |a BIBHIS |b BIBHIS |d 2019-11-22 |i 4539265 |o 937.06 BRI 2008 |p 4539265 |r 2025-01-20 |w 2019-11-22 |y BK |k HIS | ||